Southville International School and Colleges
Your cart is empty.
  • Cart
  • Lists
    Public lists Eva Luna New books Lux_list list_1
    Your lists Log in to create your own lists
  • Log in to your account
  • Your cookies
  • Search history
Southville International School and Colleges
  • Advanced search
  • Recent comments
  • Most popular
  • Libraries

Log in to your account

Log in with GOOGLE


If you do not have an external account, but do have a local account, you can still log in:

  1. Home
  2. MARC view: Oh my gods! :
Normal view MARC view ISBD view

Oh my gods! : (Record no. 34092)

[ view plain ]
MARC details
000 -LEADER
fixed length control field 01538cam a2200397 a 4500
001 - CONTROL NUMBER
control field 15712085
003 - CONTROL NUMBER IDENTIFIER
control field OSt
005 - DATE AND TIME OF LATEST TRANSACTION
control field 20140310184410.0
008 - FIXED-LENGTH DATA ELEMENTS--GENERAL INFORMATION
fixed length control field 090424s2010 nyuabj j be 001 0 eng
010 ## - LIBRARY OF CONGRESS CONTROL NUMBER
LC control number 2009017169
020 ## - INTERNATIONAL STANDARD BOOK NUMBER
International Standard Book Number 9781606310588
035 ## - SYSTEM CONTROL NUMBER
System control number (OCoLC)ocn320895379
040 ## - CATALOGING SOURCE
Original cataloging agency DLC
Transcribing agency DLC
Modifying agency BTCTA
-- ON8
-- NPL
-- BNO
-- DPL
-- VP@
-- DLC
042 ## - AUTHENTICATION CODE
Authentication code lcac
043 ## - GEOGRAPHIC AREA CODE
Geographic area code e-gr---
050 00 - LIBRARY OF CONGRESS CALL NUMBER
Classification number BL 783
Item number .B79 2010
100 1# - MAIN ENTRY--PERSONAL NAME
Personal name Bryant, Megan E.
9 (RLIN) 26059
245 10 - TITLE STATEMENT
Title Oh my gods! :
Remainder of title a look-it-up guide to the gods of mythology /
Statement of responsibility, etc Megan E. Bryant.
260 ## - PUBLICATION, DISTRIBUTION, ETC. (IMPRINT)
Place of publication, distribution, etc New York, NY :
Name of publisher, distributor, etc Scholastic :
-- Franklin Watts,
Date of publication, distribution, etc 2010
300 ## - PHYSICAL DESCRIPTION
Extent 128 p. :
Other physical details ill. (chiefly col.), col. maps, col. geneal. table ;
Dimensions 23 cm.
490 1# - SERIES STATEMENT
Series statement Mythlopedia
504 ## - BIBLIOGRAPHY, ETC. NOTE
Bibliography, etc Includes bibliographical references (p. 120-121) and index.
520 ## - SUMMARY, ETC.
Summary, etc Presents a guide to Greek mythology, providing profiles of gods and goddesses along with information on monsters, heroes, and the underworld.
521 ## - TARGET AUDIENCE NOTE
Target audience note
526 ## - STUDY PROGRAM INFORMATION NOTE
Reading level 960
562 ## - COPY AND VERSION IDENTIFICATION NOTE
Number of copies 1
650 #0 - SUBJECT ADDED ENTRY--TOPICAL TERM
Topical term or geographic name as entry element Gods, Greek
Form subdivision Encyclopedias, Juvenile.
9 (RLIN) 26060
650 #0 - SUBJECT ADDED ENTRY--TOPICAL TERM
Topical term or geographic name as entry element Mythology, Greek
Form subdivision Encyclopedias, Juvenile.
9 (RLIN) 26061
650 #1 - SUBJECT ADDED ENTRY--TOPICAL TERM
Topical term or geographic name as entry element Gods, Greek
Form subdivision Encyclopedias.
9 (RLIN) 26062
650 #1 - SUBJECT ADDED ENTRY--TOPICAL TERM
Topical term or geographic name as entry element Mythology, Greek
Form subdivision Encyclopedias.
9 (RLIN) 26063
830 #0 - SERIES ADDED ENTRY--UNIFORM TITLE
Uniform title Mythlopedia.
9 (RLIN) 26064
906 ## - LOCAL DATA ELEMENT F, LDF (RLIN)
a 7
b cbc
c orignew
d 1
e ecip
f 20
g y-gencatlg
942 ## - ADDED ENTRY ELEMENTS (KOHA)
Source of classification or shelving scheme Library of Congress Classification
Koha item type
Holdings
Withdrawn status Lost status Source of classification or shelving scheme Damaged status Home library Current library Shelving location Date acquired Total Checkouts Full call number Barcode Date last seen Copy number Price effective from Koha item type
    Library of Congress Classification   Luxembourg Library Luxembourg Library Scholastic Reading Center Section 10/08/2013   BL 783 .B79 2010 LEX1514 10/08/2013 1 10/08/2013 Books

Oh my gods! :

APA

Bryant M. E., . (2010). Oh my gods!. New York, NY: Scholastic.

Chicago

Bryant Megan E, . 2010. Oh my gods!. New York, NY: Scholastic.

Harvard

Bryant M. E., . (2010). Oh my gods!. New York, NY: Scholastic.

MLA

Bryant Megan E, . Oh my gods!. New York, NY: Scholastic. 2010.

  • Place hold
  • Print
  • Cite
  • Add to your cart (remove)
  • Save record
    BIBTEX Dublin Core MARCXML MARC (non-Unicode/MARC-8) MARC (Unicode/UTF-8) MARC (Unicode/UTF-8, Standard) MODS (XML) RIS
  • More searches
    Search for this title in:
    Other Libraries (WorldCat) Other Databases (Google Scholar) Online Stores (Bookfinder.com) Open Library (openlibrary.org)

Exporting to Dublin Core...

SOUTHVILLE LIBRARY

Southville International School and Colleges Library

1281 Tropical Ave. Cor. Luxembourg St., BF Homes International, Las Pinas City

Tel. No. 8256374 / 252358 Loc. 117/146

Powered by Koha